00493 2200193 4500245005600000020002200056250001100078100001800089700001600107700002000123650001700143005001900160260004100179041001400220084001300234300003200247336000900279338001100288 aDemonic Detective Neuro Vol. 8cMatsui, YuseihText a978-602-02-4657-4 aCet. 1 aMatsui, Yusei aNia Ikasary aJuan Hardrianus aKomik Jepang a20230131143933 aJakartabElex Media Komputindoc2014 aIndonesia a741.5592 a... jil. :bilus. ;c17 cm. atext avolume